LEADER 00873cam0-22003131i-450- 001 990007413610403321 005 20070611130751.0 010 $a88-13-20083-8 035 $a000741361 035 $aFED01000741361 035 $a(Aleph)000741361FED01 035 $a000741361 100 $a20030414d1997----km-y0itay50------ba 101 0 $aita 102 $aIT 105 $ay-------001yy 200 1 $aChiusura delle indagini preliminari e udienza preliminare$fSergio Ramajoli 205 $a2. ed 210 $aPadova$cCedam$d1997 215 $aXII, 184 p.$d24 cm 676 $a345.45072$v20 700 1$aRamajoli,$bSergio$0232616 801 0$aIT$bUNINA$gRICA$2UNIMARC 901 $aBK 912 $a990007413610403321 952 $a5,2-258$b3003$fDSPCP 959 $aDSPCP 996 $aChiusura delle indagini preliminari e udienza preliminare$9575396 997 $aUNINA LEADER 01160nam0-2200313---450- 001 990008821650403321 005 20090310141600.0 035 $a000882165 035 $aFED01000882165 035 $a(Aleph)000882165FED01 035 $a000882165 100 $a20090310d2002----km-y0itay50------ba 101 0 $aita 105 $aa-------101yy 200 1 $aAzionamenti elettrici$eevoluzione tecnologica e problematiche emrgenti$e13. seminario interattivo$eraccolta degli atti$eBressanone (BZ) 18-20 marzo 2002$fAssociazione nazionale azionamenti elettrici 210 $a[s.l.$cs.n]$dstampa 2002$eNapoli$gLitografia Nicola Libero 215 $a2 v.$cill.$d21 cm 610 0 $aAzionamenti elettrici$aSeminari 676 $a621.310'42 710 12$aSeminario interattivo su azionamenti elettrici$d<13. ;$f2002 ;$eBressanone (BZ), Italia>$0505025 711 02$aAssociazione nazionale azionamenti elettrici$0319478 801 0$aIT$bUNINA$gRICA$2UNIMARC 901 $aBK 912 $a990008821650403321 952 $a10 PRO 512/1$bS.I.$fDINEL 952 $a10 PRO 512/2$bS.I.$fDINEL 959 $aDINEL 996 $aAzionamenti elettrici$9807030 997 $aUNINA